000 01333cam a2200253 4500
001 ##L133037
002 ##9952
008 060405n2006 000 0 eng u
020 _a190482935X
022 0 _a1350-9500
035 _a(Sirsi) u133037
041 0 _aeng
050 0 4 _a690.23 $2 18
110 2 _aBuilding Cost Information Service
_91096
245 0 0 _aGuide to house rebuilding costs 2006
250 _a28th ed.
260 _aLondon
_bRICS
_c2006
300 _a108p
_c30cm.
350 _a80
520 _aAnnual publication giving details of rebuilding costs for houses for reinstatement cost assessment. The rebuilding cost tables show the costs for gross external floor area in four regional groups, covering five house types, four age bands, three sizes and three quality bands. The guide also provides: additional costs and adjustments; regional variations; demolition costs; architects and surveyors fees; notes on preparing a reinstatement cost assessment; factors affecting building costs; specification and design notes; and elemental cost tables for different types and age of house. Supplements include the rebuilding cost tables for gross internal floor area and the ABI/BCIS house rebuilding cost index. Appendices.
590 _aIKA250406
690 _aBUILT ENVIRONMENT-BUILDING COSTS
942 _n0
999 _c105314
_d105314